| 000 | 01029nas a2200265 i 4500 | ||
|---|---|---|---|
| 001 | 182107 | ||
| 003 | ES-MaACL | ||
| 005 | 20250217134906.0 | ||
| 008 | 130605d17562000sp a| | ||pa d | ||
| 022 | _a0213-9499 | ||
| 080 | _a008 | ||
| 245 | 0 | 0 | _aMemorias de la Academia de Buenas Letras de Barcelona. |
| 260 |
_aBarcelona : _b[La Academia], _c1756-2000. |
||
| 300 |
_a4 v. ; _c25 cm. |
||
| 310 | _aIrregular | ||
| 362 | 0 | _aT. 1 (1756)-t. 25 (2000) | |
| 500 | _aEl t. 1 publicado con el tít.: Real Academia de Buenas Letras de la ciudad de Barcelona : origen, progressos y su primera Junta General ... | ||
| 500 | _aVariaciones en la imprenta. | ||
| 500 | _aA partir de 1887: Memorias de la Real Academia de Buenas Letras de Barcelona. | ||
| 500 | _aA partir de 1928, los números son monográficos. | ||
| 710 | 2 |
_aReial Acadèmia de Bones Lletres de Barcelona. _9176228 |
|
| 852 |
_aES-MaACL _jC-2404-07 |
||
| 866 | 0 | _o1756 (tomo 1), 1868 (tomo 2), 1880 (tomo 3), 1972 (tomo 14). | |
| 999 |
_c182107 _d182107 |
||